Jean Rhys Bibliography - Statistics

General Stats
  • This quiz has been taken 3 times
  • The average score is 7 of 67
Answer Stats
Type Year Name % Correct
Novel 1966 Wide Sargasso Sea
100%
Novel 1931 After Leaving Mr. Mackenzie
67%
Novel 1939 Good Morning, Midnight
67%
Novel 1928 Postures
67%
Novel 1934 Voyage in the Dark
67%
Writings Collection 1984 Early Novels
33%
Short Story 1927 La Grosse Fifi
33%
Short Story 1968 Let Them Call It Jazz
33%
Short Story Collection 1995 Let Them Call It Jazz and Other Stories
33%
Autobiography 1979 Smile Please: An Unfinished Autobiography
33%
Short Story Collection 1987 The Collected Short Stories
33%
Writings Collection 1985 The Complete Novels
33%
Short Story Collection 1968 Tigers Are Better-Looking
33%
Short Story 1968 Tigers Are Better-Looking
33%
Short Story 1976 Used to Live Here Once
33%
Short Story 1927 Again the Antilles
0%
Short Story 1927 A Night
0%
Short Story 1968 A Solid House
0%
Short Story 1927 A Spiritualist
0%
Short Story 1927 At the Villa d'Or
0%
Short Story 1976 Before the Deluge
0%
Short Story 1927 Discourse of a Lady Standing a Dinner to a Down-and-Out Friend
0%
Short Story 1976 Fishy Waters
0%
Short Story 1927 From a French Prison
0%
Short Story 1976 Goodbye Marcus, Goodbye Rose
0%
Short Story 1976 Heat
0%
Short Story 1927 Hunger
0%
Short Story 1927 Illusion
0%
Short Story 1927 In a Café
0%
Short Story 1927 In the Luxembourg Gardens
0%
Short Story 1927 In the Rue de l'Arivée
0%
Short Story 1987 Invitation to the Dance
0%
Short Story 1987 I Spy a Stranger
0%
Letter Collection 1984 Jean Rhys Letters 1931-1966
0%
Short Story 1976 Kikimora
0%
Short Story 1987 Kismet
0%
Short Story 1927 Learning to Be a Mother
0%
Short Story 1927 Mannequin
0%
Short Story 1927 Mixing Cocktails
0%
Short Story Collection 1975 My Day: 3 Pieces
0%
Short Story 1976 Night Out 1925
0%
Short Story 1976 On Not Shooting Sitting Birds
0%
Short Story 1968 Outside the Machine
0%
Short Story 1976 Overture and Beginners Please
0%
Short Story 1976 Pioneers, Oh, Pioneers
0%
Short Story 1976 Rapunzel, Rapunzel
0%
Short Story Collection 1976 Sleep It Off Lady
0%
Short Story 1976 Sleep It Off Lady
0%
Short Story Collection 1985 Tales of the Wide Caribbean
0%
Short Story 1927 Tea with an Artist
0%
Short Story 1987 Temps Perdi
0%
Short Story 1976 The Bishop's Feast
0%
Short Story 1927 The Blue Bird
0%
Short Story 1976 The Chevalier of the Place Blanche
0%
Short Story 1968 The Day they Burned the Books
0%
Short Story 1927 The Grey Day
0%
Short Story 1976 The Insect World
0%
Short Story Collection 1927 The Left Bank and Other Stories
0%
Short Story 1968 The Lotus
0%
Short Story 1927 The Sidi
0%
Short Story 1968 The Sound of the River
0%
Short Story 1987 The Whistling Bird
0%
Short Story 1968 Till September Petronella
0%
Short Story 1927 Tout Montparnasse and a Lady
0%
Short Story 1927 Trio
0%
Short Story 1927 Vienne
0%
Short Story 1976 Who Knows What's Up in the Attic?
0%
No matching quizzes found
Score Distribution
Percent of People with Each Score
Percentile by Number Answered
Your Score History
You have not taken this quiz